How They Voted - Mid Atlantic States Quiz Stats

 Plays Quiz not verified by Sporcle

Challenge
Share
Tweet
Embed
Score 0/45 Timer 04:00
0 Plays Today
State - Year Party % Correct
New Jersey 2012???
98%
New Jersey 1996???
96.9%
New Jersey 1992???
96.9%
New York 1992???
96.9%
New Jersey 2008???
95.9%
New York 2008???
95.9%
New York 2004???
95.9%
New York 2000???
95.9%
New York 1996???
95.9%
New York 2012???
94.9%
Pennsylvania 2008???
94.9%
New Jersey 2000???
93.9%
New York 1960???
93.9%
Pennsylvania 1996???
93.9%
New Jersey 2004???
92.9%
Pennsylvania 2012???
92.9%
Pennsylvania 1992???
92.9%
Pennsylvania 2004???
88.8%
Pennsylvania 1964???
87.8%
New York 1964???
86.7%
Pennsylvania 2000???
86.7%
Pennsylvania 1984???
85.7%
Pennsylvania 1960???
83.7%
State - Year Party % Correct
Pennsylvania 1980???
81.6%
New York 1976???
79.6%
New Jersey 1984???
78.6%
New Jersey 1964???
77.6%
New Jersey 1972???
76.5%
New York 1988???
74.5%
New Jersey 1980???
73.5%
New Jersey 1960???
71.4%
New Jersey 1956???
70.4%
New York 1984???
70.4%
Pennsylvania 1972???
70.4%
New Jersey 1968???
68.4%
New York 1972???
67.3%
Pennsylvania 1956???
67.3%
New York 1968???
66.3%
Pennsylvania 1976???
64.3%
New York 1980???
63.3%
New York 1956???
63.3%
Pennsylvania 1988???
63.3%
New Jersey 1988???
58.2%
Pennsylvania 1968???
46.9%
New Jersey 1976???
45.9%

You're not logged in!

Compare scores with friends on all Sporcle quizzes.
Join for Free
OR
Log In

You Might Also Like...

Show Comments

Extras

Top Quizzes Today


Score Distribution

Your Account Isn't Verified!

In order to create a playlist on Sporcle, you need to verify the email address you used during registration. Go to your Sporcle Settings to finish the process.

Report this User

Report this user for behavior that violates our Community Guidelines.

Details: